|
|
|
|
| LEADER |
01091nam a2200241 a 4500 |
| 001 |
008087369 |
| 008 |
000807s1999 enka b 000 eng d |
| 020 |
|
|
|a 0714838802 :
|c £12.95
|
| 040 |
|
|
|a StDuBDS |d Uk
|
| 082 |
0 |
4 |
|a 720.94209045
|2 21
|
| 100 |
1 |
|
|a McKean, John,
|d 1943-
|
| 245 |
1 |
0 |
|a Pioneering British high-tech : |b [Leicester University Engineering Building, Willis Faber & Dumas Building, Lloyd's Building] /
|c [John McKean, Gabriele Bramante, Kenneth Powell].
|
| 260 |
|
|
|a London :
|b Phaidon,
|c 1999.
|
| 300 |
|
|
|a [180] p. :
|b ill. (some col.) ;
|c 30 cm.
|
| 490 |
1 |
|
|a Architecture 3s
|
| 504 |
|
|
|a Includes bibliographies.
|
| 541 |
1 |
|
|e 00013792
|
| 650 |
0 |
|
|a Architecture, Modern
|y 20th century
|z Great Britain.
|
| 700 |
1 |
|
|a Bramante, Gabriele.
|
| 700 |
1 |
|
|a Powell, Ken,
|d 1947-
|
| 852 |
4 |
|
|a Ayesha Abed Library
|j General Shelf.
|
| 999 |
|
|
|c 2179
|d 2179
|
| 952 |
|
|
|0 0
|1 0
|2 ddc
|4 0
|6 720_942090450000000_MCK_1999
|7 0
|9 2007
|a BRACUL
|b BRACUL
|c GEN
|d 2009-07-08
|e Zeenat Book Supply Ltd.
|l 3
|m 11
|o 720.94209045 MCK
|p 3010013792
|r 2016-02-24
|s 2016-02-18
|t 1
|w 2009-07-08
|y BK
|